Βεργίνα / Ιστορικά Μνημεία της Ελλάδας: Αρχαία Ελλάδα (Record no. 3036)
[ view plain ]
| 000 -LEADER | |
|---|---|
| fixed length control field | 01452cam a22001934a 4500 |
| 005 - ΗΜΕΡΟΜΗΝΙΑ ΚΑΙ ΩΡΑ ΤΕΛΕΥΤΑΙΑΣ ΕΝΗΜΕΡΩΣΗΣ | |
| Πεδίο ελέγχου | 20250605164103.0 |
| 008 - FIXED-LENGTH DATA ELEMENTS--GENERAL INFORMATION | |
| Πεδίο ελέγχου σταθερού μήκους | 250528s ||||||||||||||||||||||||d |
| 035 ## - SYSTEM CONTROL NUMBER | |
| System control number | 17634 |
| 020 ## - ISBN | |
| ISBN | 9789605610609 |
| 040 ## - ΠΗΓΗ ΚΑΤΑΛΟΓΟΓΡΑΦΗΣΗΣ | |
| Φορέας πρωτότυπης καταλογογράφησης | MC Athens Campus Library |
| Γλώσσα καταλογογράφησης | Ελληνικά, Μοντέρνα (1453-) |
| Modifying agency | MC Athens Campus Library |
| Κανόνες περιγραφικής καταλογογράφησης | AACR2 |
| 245 1# - ΤΙΤΛΟΣ ΚΑΙ ΔΗΛΩΣΗ ΥΠΕΥΘΥΝΟΤΗΤΑΣ | |
| Τίτλος | Βεργίνα / Ιστορικά Μνημεία της Ελλάδας: Αρχαία Ελλάδα |
| 260 ## - PUBLICATION, DISTRIBUTION, ETC. | |
| Name of publisher, distributor, etc. | Σελένα Εκδοτική Α. Ε, |
| Date of publication, distribution, etc. | 2013 |
| 300 ## - PHYSICAL DESCRIPTION | |
| Extent | 72 |
| 520 ## - SUMMARY, ETC. | |
| Summary, etc. | Οι Αιγές ήταν η πρωτεύουσα του Μακεδονικού Κράτους του 6ου και του 5ου π.Χ. αιώνα, και το κέντρο της οικονομικής καο πολιτιστικής ζωής του τόπου. National Geographic. Εισαγωγικό Σημείωμα, Η Ιστορία της Βεργίνας, Το Χρονικό των Ανασκαφών, Η Εξομολόγηση του Ανδρόνικου, Οι Τάφοι της Μεγάλης Τούμπας, Τα ευρήματα του Τάφου του Φιλίππου, Ο Τάφος του Πρίγκηπα, Ο Τάφος με τους Ελεύθερους Κίονες, Το Μουσείο της Βεργίνας, Από την Ιστορία στο Μύθο, Το Χρονολόγιο της Δυναστείας των Αργεάδων, Βιβλιογραφία. |
| 700 1# - ΠΡΟΣΘΕΤΗ ΑΝΑΓΡΑΦΗ--ΦΥΣΙΚΟ ΠΡΟΣΩΠΟ | |
| Personal name | Κοπελιάδης Γιώργος |
| 9 (RLIN) | 3825 |
| 942 ## - ADDED ENTRY ELEMENTS (KOHA) | |
| Koha item type | Books |
| Τύπος τεκμηρίου | Βιβλιοθήκη | Τρέχουσα τοποθεσία | Barcode | Αριθμός εισαγωγής | Ημερομηνία απόκτησης | Ταξιθετικό σύμβολο | Αριθμός αντιτύπου | Κατάσταση απόσυρσης | Κατάσταση χαμένου | Κατάσταση κατεστραμμένου | Μη δανεισμός | Σύνολο δανεισμών | Ημερομηνία τελευταίας εμφάνισης | Η τιμή ισχύει από |
|---|---|---|---|---|---|---|---|---|---|---|---|---|---|---|
| Books | MC Athens Campus Library | MC Athens Campus Library | 9780000030351 | 5963 | 05/06/2025 | 949.501 KOP | 1 | 05/06/2025 | 05/06/2025 |